Clinical cases in biochemistry / (Record no. 99004)
[ view plain ]
| 000 -LEADER | |
|---|---|
| fixed length control field | 00841nam a22002537a 4500 |
| 003 - CONTROL NUMBER IDENTIFIER | |
| control field | URS |
| 005 - DATE AND TIME OF LATEST TRANSACTION | |
| control field | 20260312204412.0 |
| 008 - FIXED-LENGTH DATA ELEMENTS--GENERAL INFORMATION | |
| fixed length control field | 260312b |||||||| |||| 00| 0 eng d |
| 020 ## - INTERNATIONAL STANDARD BOOK NUMBER | |
| International Standard Book Number | 978-9-35696-272-9 |
| 040 ## - CATALOGING SOURCE | |
| Language of cataloging | English |
| Transcribing agency | URS |
| Description conventions | rda |
| 050 ## - LIBRARY OF CONGRESS CALL NUMBER | |
| Classification number | QP518 |
| Item number | .Sh233 2023 |
| 100 ## - MAIN ENTRY--PERSONAL NAME | |
| Personal name | Sharma, Ashish, |
| Relator term | author. |
| 245 10 - TITLE STATEMENT | |
| Title | Clinical cases in biochemistry / |
| Statement of responsibility, etc | Ashish Sharma, Anita Sharma. |
| 250 ## - EDITION STATEMENT | |
| Edition statement | 1st edition. |
| 264 #1 - PUBLICATION, DISTRIBUTION, ETC. (IMPRINT) | |
| Place of publication, distribution, etc | New Delhi, India : |
| Name of publisher, distributor, etc | Jaypee Brothers Medical Publishers , |
| Date of publication, distribution, etc | ©2023. |
| 300 ## - PHYSICAL DESCRIPTION | |
| Extent | 238 pages ; |
| Dimensions | 25 cm. |
| 336 ## - CONTENT TYPE | |
| Source | rdacontent |
| Content type term | text |
| Content type code | txt |
| 337 ## - MEDIA TYPE | |
| Source | rdamedia |
| Media type term | computer |
| Media type code | cnb |
| 338 ## - CARRIER TYPE | |
| Source | rdacarrier |
| Carrier type term | online |
| Carrier type code | resource |
| 504 ## - BIBLIOGRAPHY, ETC. NOTE | |
| Bibliography, etc | Includes bibliographical references and index. |
| 650 #0 - SUBJECT ADDED ENTRY--TOPICAL TERM | |
| Topical term or geographic name as entry element | Clinical biochemistry |
| General subdivision | Case studies. |
| 9 (RLIN) | 6673 |
| 700 ## - ADDED ENTRY--PERSONAL NAME | |
| Personal name | Sharma, Anita, |
| Relator term | author. |
| 9 (RLIN) | 6672 |
| 942 ## - ADDED ENTRY ELEMENTS (KOHA) | |
| Source of classification or shelving scheme | Library of Congress Classification |
| Koha item type | Reserved Books |
| Withdrawn status | Lost status | Source of classification or shelving scheme | Damaged status | Not for loan | Collection code | Home library | Current library | Shelving location | Date acquired | Source of acquisition | Total Checkouts | Full call number | Barcode | Date last seen | Copy number | Price effective from | Koha item type |
|---|---|---|---|---|---|---|---|---|---|---|---|---|---|---|---|---|---|
| Library of Congress Classification | Non-fiction | Taytay College Library | Taytay College Library | Medicine Collection | 03/12/2026 | Purchased | QP518 .Sh233 2023 | URSTAY-6005 | 03/12/2026 | 1 | 03/12/2026 | Reserved Books |